Implementation Plan in Response to Board-Endorsed Recommendations Arising from the IEO Report on the Evaluation of the IMF Exchange Rate Policy Advice, 1999-2005.

This paper presents an implementation plan that responds to the Board endorsed recommendations in the IEO Report on the Evaluation of the IMF's Exchange Rate Policy Advice, 1999-2005 ("the IEO Report"). The IEO recommendations and the views of the Executive Board are summarized in Sec...

সম্পূর্ণ বিবরণ

গ্রন্থ-পঞ্জীর বিবরন
সংস্থা লেখক: International Monetary Fund
বিন্যাস: পত্রিকা
ভাষা:English
প্রকাশিত: Washington, D.C. : International Monetary Fund, 2007.
মালা:Policy Papers; Policy Paper ; No. 2007/029
অনলাইন ব্যবহার করুন:Full text available on IMF
LEADER 01565cas a2200241 a 4500
001 AALejournalIMF019671
008 230101c9999 xx r poo 0 0eng d
020 |c 5.00 USD 
020 |z 9781498333436 
022 |a 2663-3493 
040 |a BD-DhAAL  |c BD-DhAAL 
110 2 |a International Monetary Fund. 
245 1 0 |a Implementation Plan in Response to Board-Endorsed Recommendations Arising from the IEO Report on the Evaluation of the IMF Exchange Rate Policy Advice, 1999-2005. 
264 1 |a Washington, D.C. :  |b International Monetary Fund,  |c 2007. 
300 |a 1 online resource (16 pages) 
490 1 |a Policy Papers 
500 |a <strong>Off-Campus Access:</strong> No User ID or Password Required 
500 |a <strong>On-Campus Access:</strong> No User ID or Password Required 
506 |a Electronic access restricted to authorized BRAC University faculty, staff and students 
520 3 |a This paper presents an implementation plan that responds to the Board endorsed recommendations in the IEO Report on the Evaluation of the IMF's Exchange Rate Policy Advice, 1999-2005 ("the IEO Report"). The IEO recommendations and the views of the Executive Board are summarized in Section II, followed by descriptions of implementation plans (Section III) and the projected resource cost associated with the implementation plan (Section IV). 
538 |a Mode of access: Internet 
830 0 |a Policy Papers; Policy Paper ;  |v No. 2007/029 
856 4 0 |z Full text available on IMF  |u http://elibrary.imf.org/view/journals/007/2007/029/007.2007.issue-029-en.xml  |z IMF e-Library